Vývoj softvérových systémov s využitím návrhových vzorov

Saved in:
Bibliographic Details
Main Author: Lenčéš, Marek, 1991- (Author)
Other Authors: Kajsa, Peter, 1985- (Thesis advisor)
Format: Manuscript Book
Language:Slovak
Published: Bratislava : STU v Bratislave FIIT, 2013
Subjects:
Online Access:VAIS
Tags: Add Tag
No Tags, Be the first to tag this record!

MARC

LEADER 00000ntm a22000003a 4500
001 stu275719
005 20150617230238.5
008 131005s2013----xo------------------slo-d
040 |a STU  |b slo 
041 0 |a slo 
044 |a xo 
100 1 |a Lenčéš, Marek,  |d 1991-  |4 aut  |u I200  |U FIIT Fakulta informatiky a informačných technológií  |T FIIT Ústav informatiky a softvérového inžinierstva  |X 64386  |U I200  |Y 179  |7 A000064386 
242 0 0 |a Using Design Patterns in Software Systems Development  |y eng 
245 1 |a Vývoj softvérových systémov s využitím návrhových vzorov 
260 |a Bratislava :  |b STU v Bratislave FIIT,  |c 2013 
300 |a 45 s  |c príl. 
650 7 |a informatika  |2 stusub 
650 7 |a Informatics  |2 estusub 
650 7 |a design pattern  |2 estusub 
650 7 |a návrhový vzor  |2 stusub 
700 1 |a Kajsa, Peter,  |d 1985-  |4 ths  |u I200  |U FIIT Fakulta informatiky a informačných technológií  |T FIIT Ústav informatiky a softvérového inžinierstva  |X 20489  |U I200  |Y 179  |7 A000020489 
856 4 |a info a plný text  |u http://is.stuba.sk/zp/portal_zp.pl?podrobnosti=65217  |3 VAIS 
996 |b IBAP48/13  |c I*BAP48/13  |l II680  |s A  |a 24  |w stu275719_0001